00838nam a2200205Ia 4500001002800000003000900028008004100037040002300078041001300101100002200114245011200136250001500248260003000263300002900293490002300322501012400345520012300469700001700592700002300609271.771- ALB gi fs (23034)IT-MiSPE171229s9999||||xx |||||||||||||| ||und|| aIT-MiSPEcIT-MiSPE aITALIANO aGiacomo Alberione 0aOpera omnia : Alle Figlie di San Paolo bMeditazioni e Istruzioni. Anno di consolidamento e di sintesi 1955 a1a ed. (v) aRomabCasa Gen. FSPc2010 a624 p. [v.; VIII]c22 cm aOpera omnia (1955) aEdizioni San Paolo srl - Piazza Soncino, 5 - 20092 CINISELLO BALSAMO (MI) (non commercial uses only) ® Copyright 2018 aSegretariato Internazionale di Spiritualità: Adeodata Deh˛ Elisabetta Capello, Monica Baviera, Maria Grazia Gabelli aAdeodata Deh aElisabetta Capello